| 000 | 01134nam a2200361 b 4500 | ||
|---|---|---|---|
| 001 | 000293565 | ||
| 003 | DO-SdBPM | ||
| 005 | 20250606113228.0 | ||
| 007 | 000293565 | ||
| 008 | 921021s1998 sp | |||| ||spa d | ||
| 017 |
_a _b |
||
| 020 | _a 9580408025 | ||
| 035 | _a | ||
| 040 |
_aDO-SdBPM _bspa _cBPMSU |
||
| 080 | 4 | _a | |
| 082 | 4 |
_a155.5 _bD265s 1998 _222 |
|
| 100 | 1 | _a Davitz, Lois Leiderman. | |
| 245 | 1 | 0 |
_a Su hijo adolescente : _bcómo comprenderlo y relacionarse con él / _c Lois Leiderman Davitz, Joel Robert Davitz ; traducción Jorge Cárdenas Nannetti. _h |
| 250 | _a | ||
| 260 |
_aBarcelona : _bGrupo Editorial Norma, _c1998 |
||
| 300 |
_a ix, 218 p. ; _c23 cm |
||
| 490 | 0 |
_aPaidós educador, _v40 |
|
| 500 | 4 | _a | |
| 590 | _aInventariado, 2025/VM | ||
| 650 | 4 |
_a Adolescencia _x _2 |
|
| 650 | 4 |
_aAdolescentes _x Vida social y costumbres |
|
| 650 | 4 | _aConducta del adolescente | |
| 700 | 1 |
_a Davitz, Joel Robert _eautro |
|
| 700 | 1 |
_aCárdenas Nannetti, Jorge _d1906-2008 _etraductor |
|
| 700 | 1 | _aMastrogiacomo, Marta | |
| 910 | _aVMateo V. Control de calidad. BPMSU | ||
| 942 |
_2ddc _cBK |
||
| 999 |
_c9566 _d9566 |
||